Quizzes
Events
Quiz Creation
Community
Videos
Private Events
Remove Ads
Sign In
Join for FREE
Feedback
Dark Mode
Quiz Categories
Sports
Geography
Music
Movies
Television
Just For Fun
Miscellaneous
History
Literature
Language
Science
Gaming
Entertainment
Religion
Holiday
For Kids
Quiz Lab
Recent
Popular Today
Quiz Kudos Today
Editor Picks
Curator Picks
Quizzes by...
Day
Popularity
Type
Ratings
Length
Year
Community
Subscriptions
Recent Discussions
Orange Saloon
Badges
Playlists
Quests
Create
Leaderboards
Showdown
Live 5
Trivia Bingo
Activity
Puzzle Library
Sporcle Events
Private Events
Virtual Trivia
Globe League
Become a Host
Pub Owners
SporcleCon
Opinionation
Our Games
Videos
Blog
Mobile Apps
Partnerships
Remove Ads and Go Orange
Feedback
Television
TV Characters
TV Show
Sitcom
Network
Friends
Reality Shows
Cast
South Park
Star Trek
The Simpsons
Doctor Who
Television
TV Characters
TV Show
Sitcom
Network
Friends
Reality Shows
Cast
South Park
Star Trek
The Simpsons
Doctor Who
Random Quiz
Search Sporcle
×
Quiz Lab
Quiz Lab
Television
Celebrity
Type in answers that appear in a list
Type in answers that appear in a list
Classic
Best Score? Go Orange.
Celebrity Juice Guests Stats
Can you name the Celebrity Juice Guests?
By
swfc444
15m
153 Questions
1,002 Plays
1,002 Plays
1,002 Plays
Comments
Comments
Give Quiz Kudos
Give Quiz Kudos
-
- Ratings
hide this ad
Replay
Link that replays current quiz
Next Quiz
Link to next quiz in quiz playlist
You Got
0%
They Got
Avg Score
18%
Avg Friend Score
Upgrade to see
Score Distribution
Jump to the score distribution portion of the page
Score
0/153
Timer
15:00
0
Plays Today
Reasons for Fame
Guest
% Correct
Radio 1 DJ
Fearne Cotton
73.2%
The X Factor Host
Dermot O'Leary
67.7%
DOI + This Morning Host
Holly Willoughby
66.2%
Stand up Comedian
Rufus Hound
63%
JLS Member
Aston
58.4%
Singer, Runner Up to Joe Mcelderry
Olly Murs
57.3%
JLS Member
Marvin
56.3%
Glamour Model, Married Singer and Cage Fighter
Katie Price
55.3%
JLS Member
JB
52.5%
Comedian, 'Max + Paddy'
Paddy McGuiness
48.8%
Ex of Glamour Model
Peter Andre
42.2%
Former X Factor Finalist and Queen of the Jungle
Stacey Solomon
41.2%
Ex Eastender and Jungle King
Joe Swash
40.5%
Baby Spice
Emma Bunton
40.3%
Sean from Corrie
Anthony Cotton
38.6%
Irish X Factor Judge
Louis Walsh
37.9%
Actor, Gavin & Stacey and Eastenders
Larry Lamb
37.2%
N-
Dubz Member
Dappy
35.6%
N-
Dubz Member
Tulisa
34.8%
Radio 1 Breakfast DJ
Chris Moyles
32.7%
Ex Hearsay Member and Now Corrie Actress
Kym Marsh
31.9%
Cage Fighting, Jordan Ex
Alex Reid
31.8%
Jason Grimshaw in Corrie
Ryan Thomas
31.5%
Son of Archie from Eastenders
Geroge Lamb
31%
DOI,The Cube and This Morning Host
Phillip Schofield
30.6%
Blue Singer
Lee Ryan
29.1%
Former Pop Idol Singer
Gareth Gates
29%
JLS Member
Oritse
28.9%
Pineapple Dance Studios
Louie Spence
28.6%
Tina in Corrie
Michelle Keegan
28.5%
Former Attomic Kitten
Kerry Katona
28.2%
Westlife's Blonde Member
Kian Egan
26.4%
Female Comedian and winner of 'Lets' Dance for Comic Relief'
Katy Brand
25.5%
N-
Dubz Member
Fazer
25.5%
The Wanted Member, Dating Michelle Keegan
Max George
25%
Glamour Model
Jodie Marsh
24.2%
Girls Aloud Member
Kimberly Walsh
24.2%
11 O'Clock Presnter and Absolute Radio Host
Iain Lee
24.1%
McFly Member
Danny Jones
24%
Former Soccer Am Presenter
Tim Lovejoy
23.3%
McFly Member
Harry Judd
21.7%
Married BB Contestant after Celeb Version
Preston
21.7%
Brother Of Micheal and Member of 5 piece group
Tito Jackson
21.5%
Former King of the Jungle
Christopher Biggins
21.3%
Chef, King of Jungle
Gino D'Acampo
21.3%
Comedian and Presenter of 'Freak Like Me' and I'm a Celeb Spin Off
Russell Kane
21.1%
ITV 2 Jungle Spin Off Host
Caroline Flack
21.1%
McFly Member
Tom Fletcher
20.2%
ITV Presenter and Married to Strictly Host
Vernon Kay
19.5%
Boyzone Lead Singer
Ronan Keating
18.8%
Essex Rogue
Mark Wright
18.8%
Reasons for Fame
Guest
% Correct
Plays Kirk in Corrie
Andrew Whyment
17.9%
Scottish Daytime Presenter
Lorraine Kelly
17.6%
Small Star of Big Screen
Verne Troyer
17.4%
Glamour Model, Peter Crouch
Abigail Clancy
17.4%
Plays Gary Windass in Corrie
Mikey North
17.1%
Fashion Expert
Gok Wan
16.8%
Sky News Breakfast Presenter
Eamonn Holmes
16.6%
Dragon
Peter Jones
16.5%
Liverpool Comedian
John Bishop
16.4%
Stand Up Comedian and Ex Benidorm Actor
Johnny Vegas
15.9%
Son of Legendery Man Utd Footballer
Calum Best
15.8%
Comedian, Not Going Out
Tim Vine
15.7%
Boyzone Member and Corrie Actor
Keith Duffy
15.2%
Scary Spice
Melanie Brown
15.1%
Strictly Takes Two Host
Claudia Winkleman
14.8%
Pub Landlord Comedian
Al Murray
14.6%
Longest Serving Sugababe Member
Heidi Range
14.5%
Sky Sports News Presenter
Kirsty Gallacher
14.4%
David Platt Actor
Jack.P.Shepard
14.3%
Mr Papperazi Show Host
Darren Lyons
14.1%
Former BB Host
Davina McCall
14.1%
Irish Saturday Member
Una Healy
13.9%
Comedian
Jack Whitehall
13.8%
Any Dream Will Do Judge and TOWIE Voiceover
Denise Van Outen
13.8%
One Half of Dick and Dom
Richard McCourt
13.7%
Gangsta's Paradiser Rapper
Coolio
13.5%
X Factor to Opera Star
Joe Mcelderry
13.3%
Female Singer, Finshed 4th on X Factor
Diana Vickers
12.9%
BB11 Winner
Josie Gibson
12.9%
Ex Hearsay and I'm Celeb Contestant
Myleene Klass
12.8%
Radio 1 DJ
Scott Mills
12.6%
French DJ
David Guetta
12.5%
Radio 1 Breakfast DJ + 'Live and Kicking'
Zoe Ball
12.2%
Barry from Eastenders
Shaun Williamson
12.1%
Actor from Gavin and Stacey
Matthew Horne
12.1%
Ex Neighbours Actreess and 'Kiss Kiss' Singer
Holly Valance
12.1%
Irish Daybreak Host
Christine Bleakley
12.1%
Rapper named after animal
Chipmunk
11.9%
Emmerdale's Andy Sugdon
Kelvin Fletcher
11.8%
Loose Woman married to Benidorm Star
Denise Welch
11.7%
Rapper and DOI Contestant
Vanilla Ice
11.5%
One Half of Dick and Dom
Domnic Wood
11.2%
Plays Sophie Webster in Corrie
Brooke Vincent
11.2%
Female Singer, 'New York',
Paloma Faith
11%
McFly Member
Dougue Poynter
10.7%
Ex Blue Peter and Xtra Factor Host
Konnie Huq
10.6%
Emmerdale's Kelly Windsor
Adele
10.6%
Former Pussycat Doll
Kimberley Wyatt
10.5%
Rapper who plans to 'stay awake'
Example
10.4%
Radio DJ and TV Presenter, This Morning Showbiz Reporter
Dave Berry
10.2%
Saturday Dating JLS Star
Rochelle Wiseman
10.1%
Reasons for Fame
Guest
% Correct
Karl Kennedy in Aussie Soap
Alan Fletcher
10.1%
Hosts Self Titled Channel 4 show
Kevin Bishop
10%
Half of Pop Idol duo
Sam Nixon
10%
Westlife Singer
Mark Feehily
9.9%
Half of Pop Idol duo
Mark Rhodes
9.8%
Director + Actor, Played Mickey in Dr Who
Noel Clarke
9.8%
Hollyoaks and Ex Emmerdale Actor
Alex Carter
9.6%
Irish Comedian and Regular at Edinborough Fringe Festival
Jason Byrne
9.5%
Radio 1 former Breakfast Show DJ
Sara Cox
9.4%
Strictly Come Dancing Professional
Anton Du Beke
8.7%
Married to Ex Liverpool Star, SYTYCD Judge
Louise Redknapp
8.7%
Played Mel Owen in Eastenders
Tamzin Outhwaite
8.7%
Plays Sunita Allahan in Corrie
Shobna Gulati
8.4%
Jungle Star with Famous Stories
David Gest
8.3%
Stand up Comedian with Nigerian Background
Stephen. K. Amos
8.3%
Member of Dollar and Appeared on I'm a Celeb
David Van Day
8.3%
Eastenders Actor and Over the Rainbow Judge
John Partridge
8.2%
Ex NOW Showbiz Editor
Rav Singh
8%
Dancing on Ice Judge
Jason Gardiner
8%
Strictly Come Dancing Judge
Craig Revel Horwood
8%
Psychic Medium
Sally Morgan
7.8%
The Wanted Youngest Member
Tom Parker
7.7%
Former X Factor Contest
Chico
7.6%
Boyzone's Bald Member
Shane Lynch
7.6%
Graeme in Corrie
Craig Gazey
7.4%
Changing Rooms Host
Laurence Llewelyn-Bowen
7.3%
Americain Model, I'm a Celeb
Janice Dickinson
7.2%
Danish Actress and was Married to Rocky
Brigitte Nielsen
7.1%
Actor from This is England
Thomas Turgoose
6.7%
Austailian Actor and Got to Dance Judge
Adam Garcia
5.8%
Comedy Dave
David Vitty
5.7%
Ex Holby City and Emmerdale Actress
Patsy Kensit
5.5%
Scottish Singer, Sung James Bond Song
Lulu
5.2%
Female Comedian, 10 O'Clock News
Lauren Laverne
5.1%
Former Radio 5 Live Host
Richard Bacon
4.7%
NME Radio Presenter
Alex Zane
4.4%
Loose Women Host and Ex of Chris Evans
Carol McGriffin
4.3%
Hollyoaks Actress
Gemma Merna
4.3%
Irish Stand Up Comedian
Andrew Maxwell
4.2%
Collumist and Model who finished 2nd on I'm a Celeb
Tara-Palmer Tomkinson
4.1%
Former CBBC Presenter and F Factot Online Host
Matt Edmonson
3.8%
Journalist and Ex I'm a Celeb Contestant
Janet Street-Porter
3.8%
Former Hollyoaks Actor
Matt Littler
3.7%
Magic Man, BGMT Host
Stephen Mullhern
3.6%
Comedian and winner of 'so you think your funny' 1998
Rob Rouse
3.3%
Actor Played Sam O'Brien in Hollyoaks
Darren Jeffries
3.2%
Ex BB Star
Chanelle Hayes
3.2%
Kids TV Presenter on 'The Slammer'
Melvin O'Doom
3.1%
Radio 2's 'Out to Lunch' Host
Rob Deering
2.9%
Irish Comedien
Patrick Kielty
2.4%
Rapper and Former 'More Fire Crew' Member
Lethal Blizzle
0.5%
Quiz Playlist
Details
Report
Send in Message
Add To Playlist
Classic:
Type in answers that appear in a list
Last Updated: Dec 17, 2018
Quiz Scoreboard
CHALLENGE
Sign Up to Join the Scoreboard
Show All
Scores
Hide
Comments
May contain spoilers
Recently Published
College Basketball Coaching Resumes
by pancakes188
Sports
9m
Billboard Blitz: Fleetwood Mac
by CooCooCachoo
Music
15s
Presidents Visiting Landmarks
by Hejman
History
7m
More to Explore
Quiz From the Vault
Featured Blog Post
Where Did the Easter Bunny Come From?
hide this ad
You Might Also Like...
Tags
Celebrity Quiz
appearance
fame
guest
juice
reason
Today's Top Quizzes in Television
Browse Television
hide this ad
Today's Top Quizzes in Celebrity
Browse Celebrity
Top Contributed Quizzes in Television
1
5-to-1: The Simpsons Families
2
5-to-1: Television Doctors
3
7-to-1: TV Show Settings
4
5-to-1: Streaming Originals
5
One Piece Logic Puzzle
6
Survivor Seasons
7
Survivor Logic Puzzle: Heroes vs. Villains
8
All US Survivor Seasons in Order
9
TV Shows by First Names
10
Survivor Season by Logo
Explore More
Trending Topics
Kpop
NBA
Harry Potter
Crossword
Disney
Marvel
Anime
Puzzle
NFL
Pokémon
WWE
Song
Soccer
Country
The Office
hide this ad
More By:
swfc444
Quiz
Plays
Rating
Category
Featured
Created
Football League Managers 2018/19 UK
2,363
3.89
Sports
May 26, 2011
most watched uk tv shows of the decade
1,009
2.75
Television
May 27, 2010
Celebrity Juice Guests
1,002
5.00
Television
May 23, 2011
Premier League Stats 2014/15
583
3.75
Sports
May 27, 2011
Premier League All Time Appearances Top 100
538
3.00
Sports
May 31, 2011
Go to Creator's Profile
Score Distribution
Quiz Creator Spotlight
swfc444
Follow
Send a Message
Quizzes Created
-
Created Quiz Play Count
-
More By This Creator
Popular Quizzes Today
1
Find the US States - No Outlines Minefield
2
Find the Countries of Europe - No Outlines Minefield
3
The Countries of the World
4
Find the US States
5
Risky Map Clicking: Biggest States A-Z
6
US States
7
Popular People in 1961
8
Movies - When Are They Set?
More Television Quizzes
The Simpsons: Canyonero!
Published
Trending Quizzes
Risky Map Clicking: Least Populous States A-Z
1-10 Letter G Words
1-10 Letter F Words
Risky Map Clicking: Next State Alphabetically
Risky Map Clicking: Biggest States A-Z
Recently Updated
Leaping Animals
pecheneg
Reality TV Shows (A-Z)
bhenderson79
Rickey Henderson's Hall of Fame Teammates
pecheneg
Champions League XIs: Arsenal
pecheneg
Quick Pick: Celebrities in WWE's Hall of Fame
aduchscher
A-Z Keypad Blitz II
pecheneg
Multiple Oscar Actors
pecheneg
Mystery Phrase Blitz: Oscar 'Best Actors'
pecheneg
F. Scott Fitzgerald Novels
LTH
Pick 3 Villains
ddd62291
Trending Topics
Marvel
NBA
Kpop
Harry Potter
Anime
Disney
Crossword
WWE
Song
Puzzle
The Office
Pokémon
NFL
Country
Soccer
Your Account Isn't Verified!
In order to create a playlist on Sporcle, you need to verify the email address you used during registration. Go to your
Sporcle Settings
to finish the process.
Report this User
Report this user for behavior that violates our
Community Guidelines
.
Details:
Send Report
Go to the Sporcle.com Mobile Site →
Comments